Bavarian Cities by Clue - Statistics

General Stats
  • This quiz has been taken 145 times
  • The average score is 9 of 15
Answer Stats
Hint Answer % Correct
Capital. Also the state's cultural and economic hub Munich
100%
Infamously known for its 1935 laws and 1946 trials Nuremberg
94%
Suburb of the biggest city, nowadays associated with a concentration camp Dachau
78%
This city was home to the Fugger family, one of the wealthiest to have ever existed Augsburg
71%
Mondaine ski resort which hosted the 1936 Winter Olympics Garmisch-Partenkirchen
69%
This city, literally translated as rain's fortress, was the capital of the HRE from 1663 to 1806 Regensburg
66%
Located in the very east at the confluence of the Danube and the Inn. Known for its floods. Passau
62%
Headquarters of Audi and Media Markt Ingolstadt
54%
Centre of Lower Franconia, in the north-west of the state, on the river Main. Known for its Marienberg Fortress Würzburg
53%
Picturesque small medieval town in Western Bavaria, located on the Romantic Road {Rothenburg} ob der Tauber
50%
Its most famous resident was Richard Wagner Bayreuth
42%
Major holiday town on Lake Constance. Its centre is located on a small island Lindau (Bodensee)
40%
Transport hub in the vicinity of Neuschwanstein Castle Füssen
37%
This place in the south-easternmost tip of Bavaria is known for its fjord-ish Königssee as well as its Nazi history Berchtesgaden
33%
This health resort is known for its ski flying hill, flown at 29 and 30 December Oberstdorf
26%
No matching quizzes found
Score Distribution
Percent of People with Each Score
Percentile by Number Answered
Your Score History
You have not taken this quiz